000 nam a22 a 4500
999 _c4119
_d4119
003 AKMAL
005 20170525112053.0
008 170525s2004 my bo g | 000 0 eng d
020 _a9834132115
039 9 _a200906180940
_bmarzihan
_c200703281708
_dsuzilawati
_c200603161458
_darnida
_c200603150820
_darnida
040 _aAKMAL
_cAKMAL
043 _af------
049 _amal
082 0 4 _a916.00222 PET
_222
090 0 0 _a916.00222
_bPET
090 2 0 _a916.00222
_bPET
245 0 0 _aPetronas Africa trek 2003:
_bexperience the expedition
260 _aKuala Lumpur :
_bAdventure Sport Management,
_c2004
300 _aiii, 172p. :
_bcol. ill. ;
_c26cm.
650 1 0 _aExplorers
_zAfrica
_98067
651 0 _aAfrica
_xDiscovery and exploration
_98068
710 2 _aPetrolium Nasional Berhad
_98069
942 _2ddc
_cBOOK